000 00675nam a22001937a 4500
005 20251108171223.0
008 250721s1989 xx 000 0 ara d
082 1 4 _aم/398.9109564/عبا
100 1 _aعباس، فؤاد إبراهيم
245 1 0 _aمعجم الأمثال الشعبية الفلسطينية /
264 1 _aعمان :
_bدار الجليل للنشر والدراسات والأبحاث الفلسطينية،
_c1989.
300 _a238ص.
650 1 7 _aالأمثال العامية الفلسطينية
650 1 7 _aالمعاجم
650 1 7 _aالأمثال
700 1 _aشاهين، أحمد عمر
942 _2ddc
_cREF
999 _c59683
_d59683